BUBT Library Online Catalog

Managerial Economics (Record no. 1689)

000 -LEADER
fixed length control field 00586nam a2200229Ia 4500
003 - CONTROL NUMBER IDENTIFIER
control field BUBTL
008 - FIXED-LENGTH DATA ELEMENTS--GENERAL INFORMATION
fixed length control field 151213s9999 xx 000 0 und d
020 ## - INTERNATIONAL STANDARD BOOK NUMBER
International Standard Book Number 8125910042
082 ## - DEWEY DECIMAL CLASSIFICATION NUMBER
Edition number 6th
Classification number 658.4
Item number Mdw
100 ## - MAIN ENTRY--PERSONAL NAME
Personal name D.N.Dwivedi
245 ## - TITLE STATEMENT
Title Managerial Economics
Statement of responsibility, etc. D.N.Dwivedi
250 ## - EDITION STATEMENT
Edition statement 6th
260 ## - PUBLICATION, DISTRIBUTION, ETC. (IMPRINT)
Place of publication, distribution, etc. New Delhi
Name of publisher, distributor, etc. Vikas
Date of publication, distribution, etc. 2002
300 ## - PHYSICAL DESCRIPTION
Extent xxiv, 650 p. ;
Other physical details ills. chart, graph. :
Dimensions 24 cm.
500 ## - GENERAL NOTE
General note Includes index
650 ## - SUBJECT ADDED ENTRY--TOPICAL TERM
Topical term or geographic name as entry element Economics
650 ## - SUBJECT ADDED ENTRY--TOPICAL TERM
Topical term or geographic name as entry element Economics
700 ## - ADDED ENTRY--PERSONAL NAME
Personal name Dwivedi D.N
9 (RLIN) 288
856 ## - ELECTRONIC LOCATION AND ACCESS
Password 0
Logon 0
Link text Download
942 ## - ADDED ENTRY ELEMENTS (KOHA)
Source of classification or shelving scheme
Koha item type Books
Holdings
Withdrawn status Lost status Source of classification or shelving scheme Damaged status Not for loan Collection code Permanent location Current location Shelving location Date acquired Inventory number Total Checkouts Full call number Barcode Date last seen Copy number Price effective from Koha item type
          Non-fiction Bangladesh University of Business and Technology Library Bangladesh University of Business and Technology Library Economics Stacks 02/02/2016 2322   658.4 / Mdw BUBTL-20032322 02/02/2016 C-1 02/02/2016 Books
          Non-fiction Bangladesh University of Business and Technology Library Bangladesh University of Business and Technology Library Economics Stacks 02/02/2016 2320   658.4 / Mdw BUBTL-20032320 02/02/2016 C-2 02/02/2016 Books
          Non-fiction Bangladesh University of Business and Technology Library Bangladesh University of Business and Technology Library Economics Stacks 04/09/2018 2321   658.4 Mdw BUBTL-20032321 04/09/2018 C-3 04/09/2018 Books

More Information About Library

Library Hours

  • Open: 9.00 am. to 9.00 pm.
  • Only Sunday: 9.00 am. to 6.00 pm.
  • Closed: Holiday

Contact to the University

Bangladesh University of Business and Technology Library

  • Mirpurl-2, 1216.
  • Phone:
  • Fax:
  • E-Mail: admin.library@bubt.edu.bd

Contact to the Library

Contact Person:

Md. Abdul Hakim Shah
Joint Librarian
PABX No:  113
Cell No: 01816332931
E-mail: official: admin.library@bubt.edu.bd
Personal: hakim.shah@bubt.edu.bd


BUBT Library

Copyright © 2021